000 00630nam a22002297a 4500
003 UA-OsUOA
001 63000
007 ta
008 20090915b un ||||| |||| 00| 0 ukr d
090 _a94(477)(082)
_bУ45
942 _cBK
040 _aUA-OsUOA
_bukr
_cUA-OsUOA
_dUA-OsUOA
245 _aУкраїнський гуманітарний огляд
_cЯковенко Н.
300 _a268 с.
955 _a2
041 _aukr
080 _a94(477)(082)
260 _aК.
_bКритика
_c1999
250 _nВипуск 1
650 7 _a9 Географія. Біографії. Історія
_2UDC
999 _c349098
_d349098